| 000 | 01061cam a22003135a 4500 | ||
|---|---|---|---|
| 001 | 3489758 | ||
| 005 | 20170319101411.0 | ||
| 008 | 941027s1997 enkb grb 001 0 eng d | ||
| 010 | _a 94061506 | ||
| 015 | _aGB97-15193 | ||
| 020 | _a1850438749 | ||
| 020 | _a9781850438748 | ||
| 035 | _a(OCoLC)36658912 | ||
| 040 |
_aOAU _beng _cOAU _dUk _dDLC _dEG-ScBUE |
||
| 043 | _af-nr--- | ||
| 082 | 0 | 4 |
_a320.966905 _bPET _222 |
| 100 | 1 | _aPeters, Jimi. | |
| 245 | 1 | 4 |
_aThe Nigerian military and the state / _cJimi Peters. |
| 260 |
_aLondon ; _aNew York : _bTauris Academic Studies / I. B. Tauris, _c1997. |
||
| 300 |
_axx, 263 p. : _bmaps ; _c24 cm. |
||
| 490 | 0 |
_aInternational library of African studies ; _v4 |
|
| 500 | _aIncludes index. | ||
| 504 | _aBibliography : p. [233]-257) | ||
| 650 | 7 |
_aMilitary government _zNigeria _xHistory _y20th century. _2BUEsh |
|
| 651 | 7 |
_aNigeria _xPolitics and government _y1960- _2BUEsh |
|
| 651 | 7 |
_aNigeria _xArmed Forces _xPolitical activity _xHistory _y20th century. _2BUEsh |
|
| 653 |
_bBUSBOL _cMarch2017 |
||
| 942 | _2ddc | ||
| 999 |
_c24462 _d24434 |
||